[Event "XXXVII Abierto Internacional "]
[Site "Sevilla (SPAIN)"]
[Date "2012.01.13"]
[Round "7"]
[White "Simon Padros, Emili"]
[Black "Lasinskas, Povilas"]
[Result "0-1"]
[WhiteElo "2261"]
[BlackElo "2138"]
[Annotator "Montecatine,R"]
[PlyCount "128"]
[EventDate "2012.01.07"]
[SourceDate "2012.01.07"]

1. e4 e5 2. Nf3 d6 3. d4 Nd7 4. c3 c6 5. Bd3 Be7 6. O-O Ngf6 7. Re1 O-O 8. Nbd2
Qc7 9. b3 Re8 10. Bb2 Nf8 11. c4 Ng6 12. Bf1 h6 13. Rc1 b6 14. g3 Bb7 15. Bg2
c5 16. d5 Nh7 17. Nf1 Bf8 18. Ne3 Be7 19. Nf5 Bf8 20. h4 Ne7 21. Ne3 Bc8 $6 (
21... Nf6) 22. Nd2 $6 (22. Nxe5 dxe5 23. d6 Qd7 24. dxe7 Qxe7 25. Nd5 $16)
22... f5 23. exf5 Nxf5 24. Nxf5 Bxf5 25. Ne4 (25. Be4) (25. Nf1) 25... Nf6 26.
Qe2 (26. Nxf6+ gxf6 27. Be4) 26... Qd7 (26... Be7) 27. Rcd1 (27. Nxf6+ gxf6 28.
Bf3) 27... a6 28. Nxf6+ gxf6 29. Be4 (29. Bf3) 29... Bxe4 30. Qxe4 f5 31. Qc2
Re7 32. Kh2 Bg7 $11 33. Re2 Rf8 34. f3 Qe8 35. Rde1 Qh5 36. f4 e4 37. Bxg7 Rxg7
38. Re3 Kh7 39. Qf2 Rb8 40. Qe2 Qe8 (40... Qxe2+ 41. R1xe2 h5 42. Kg2 Kg6 43.
Kf2 b5 $15) 41. Rg1 h5 42. Qb2 b5 43. Qf6 Qg6 44. Qxg6+ Kxg6 45. Rc1 Rgb7 46.
Kg2 a5 47. cxb5 Rxb5 48. Rc4 Rb4 49. Rec3 a4 50. Rxb4 Rxb4 51. Rc4 axb3 52.
Rxb4 cxb4 53. axb3 Kf7 54. Kf2 Ke7 55. Ke3 Kd7 56. Kd4 Kc7 57. Kc4 e3 58. Kd3
Kb6 59. Kxe3 Kc5 60. Ke2 Kd4 61. Kd2 Kxd5 62. Kd3 Kc5 {Diagrama #} 63. g4 $4 (
63. Ke3 $11 d5 64. Kd3 d4 65. Ke2 Kd5 66. Kd3 Kc5 67. Ke2 Kc6 68. Kd2 Kd6 69.
Ke2) 63... fxg4 64. Ke4 d5+ 0-1

[Event "XXXVII Abierto Internacional"]
[Site "?"]
[Date "2012.01.09"]
[Round "3"]
[White "Víctor Zarandieta"]
[Black "Gustavo Barrenechea"]
[Result "0-1"]
[WhiteElo "2052"]
[BlackElo "2228"]
[Annotator "Barrenechea,G"]
[PlyCount "102"]
[SourceDate "2012.01.07"]

{Partida Presentada al Premio de Belleza} 1. c4 e5 2. Nc3 Nc6 3. g3 Bc5 4. Bg2
a6 5. e3 d6 6. Nge2 Ba7 7. O-O h5 $5 {Es más habitual el desarrollo del
caballo de rey, pero hoy no era un día habitual. Víctor venía de hacer tablas
con un MI y yo de hacer tablas por no haber tenido el coraje de entregar un
caballo por 2 peones que destruían el enroque rival...} 8. d4 ({En caso de} 8.
h3 h4 9. g4 f5 $5 {consiguiendo el objetivo de complicar la partida.}) 8... h4
9. Bxc6+ {Una decisión de doble filo, las blancas quieren evitar el ataque de
las negras cambiando las damas. Se ha jugado en unas pocas ocasiones la
interesantísima 9.b4.} bxc6 10. dxe5 Bh3 {Las negras insisten en agudizar la
lucha,desarrollando el alfil rápidamente, sin preocuparse en recuperar todavía
el peón. Toca crear problemas al rival.} (10... hxg3 $5 11. fxg3 Bh3) 11. Re1
hxg3 12. Nxg3 ({En caso de} 12. fxg3 {ahora sí es bueno el cambio de damas}
dxe5 $1 13. Qxd8+ Rxd8 $17 {ya que las piezas blancas se encuentran dominadas
y el peón e3 muy débil. El negro está claramente mejor}) 12... Nh6 $5 {
Es curioso que las máquinas ni siquiera consideren esta jugada. Al tratarse de
una posición dinámica, es lógico llevar las reservas hacia el punto débil "h2".
!No importa la calidad de las piezas que atacan, sino la cantidad! Rybka y
compañía se conforman con la ligera ventaja queconceden} (12... Qh4 13. Qf3 $1
Bd7 $1 14. exd6 (14. Nf1 dxe5 15. Qg3) 14... Qxh2+ 15. Kf1 $17) (12... dxe5)
13. Qf3 $1 {Diagrama #  La mejor, aunque al no haber salido la dama negra de
paseo prematuramente hacia h4,} (13. exd6 Ng4 14. dxc7 Qxc7 15. Nce4 Nxh2 16.
f3 f5 17. Qd6 Nxf3+ $19) 13... Ng4 $1 {Esta era la idea de la jugada anterior.
El tiempo y la iniciativa son más importantes que el material, incluso aunque
al principio no haya una compensación evidente. Ahora se amenaza utilizar la
fuerza destructiva mediante Cxh2.} 14. Qxc6+ {La mejor nuevamente. Solemos
olvidarnos mayormente del desarrollo cuando el oponente nos ofrece sacrificios
de peones. Pero en este caso, el blanco a la vez de ganar un segundo peón, da
jaque y ata a la dama que soñaba con ir hacia "h4", a la defensa de su torre.}
({En caso de} 14. exd6 {sigue} Ne5 $1 15. Qe4 cxd6 {ya que se puede responder a
} 16. f4 {con} Rh4 $1 {con fuerte ataque.}) 14... Kf8 {El mayor atacante de la
historia y grandísima persona, Mijaíl Tal, me enseñó que "Lo único que debes
hacer es llevar a tu adversario a un bosque profundo y oscuro, donde 2 + 2
sean igual a 5, y el sendero de salida sea demasiado estrecho para caber los
dos"  Pues me temo que ya estamos en él...} 15. Rd1 {No es la mejor opción,
pero con ella las blancas optan por crear amenazas propias, ya que ahora la
esperada 15...Cxh2  es respondida por 16.exd6!} ({A priori parece interesante} 
15. exd6 cxd6 16. Rd1 {que es la  jugada favorita de las computadoras, pero el
abrir la columna c para la torre trae consecuencias fatales, tras} Bc5 $1 {
las negras amenazan Ne5 seguido de Bg4, y aunque inicialmente  no valoran
correctamente la compensación material, pronto se rinden ante el vendaval
táctico que se avecina. Sin comentarios sobre la cibernética 17.Dh1!?. Las
blancas tienen dos maneras de aumentar la presión sobre d6:} 17. Na4 (17. Nce4
Ne5 18. Rxd6 Nf3+ 19. Kh1 Bd7 $1 {Brillante jugada intermedia que gana gracias
a la doble amenaza de capturar la dama y de dar mate en "h2".}) 17... Rc8 {
Esta es la jugada que posiblemente querían evitar las blancas al no capturar
en d6 en la jugada 15.} 18. Qb7 (18. Qe4 Nxh2 $1 {
El caballo es intocable debido a la descubierta que ganaría nuevamente la dama.
} 19. Nxc5 Rxc5 {con ventaja decisiva. Las negras desvían a la dama de la
defensa de la casilla crítica "f3", mediante Th4 o Txc4, según el caso y o dan
mate o las perdidas de material son irreparables. Si,} 20. Bd2 (20. Rd4 Rh4 21.
Qb7 d5 $1) 20... Rxc4 $1 {ya que a} 21. Qxc4 Nf3+ 22. Kh1 Bf1+ {
seguido de mate.}) 18... Nxh2 19. Nxc5 Rxc5 20. Rd4) 15... Nxe5 {
Recula momentáneamente, aunque siempre mirando de reojo "f3".} 16. Qd5 Bd7 $1
$19 {Obviamente la prosaica} (16... Bg4 17. Qxe5 dxe5 18. Rxd8+ Rxd8 19. b4 Rd3
{también da ventaja, pero el rey blanco está demasiado solo como para todavía
cambiar las damas, que es lo que precisamente evita la última jugada negra.
Seguimos en el bosque...}) 17. b3 {El blanco no dispone de demasiadas jugadas
útiles, mientras que el plan negro es simple y directo (Tb8, seguido de Dh4,
Ag4, etc...)} Rb8 {Diagrama # De esta forma, la torre ya se cuida por sí misma,
posibilitando la incorporación de la dama al fragor de la batalla.} 18. Ba3 {
Amenazando cositas feas,como comerse el caballo de e5!} ({Si,} 18. Qe4 $2 {
tanto} Rh4 {como} (18... Ng4 {con ventaja decisiva en ambos casos.})) 18... Qf6
$2 {Jugada multiusos que dispara la intensidad de la partida. Protege el
caballo amenazado de "e5" ,mientras, a su vez, lo apoya para saltar a "f3",
crea la nueva amenaza Txh2, así como Ac6 sin que el blanco pueda entregar la
calidad y además mira atentamente al caballo blanco de c3. Sin embargo, tal y
como le sucedía muchas veces a Tal en plena batalla, el caos que podría surgir
de esta jugada está a punto de sobrepasar el límite de lo permitido por el
sistema nervioso. !Esto es lo que trae consigo el estar inmersos en el bosque..
.! También pensé la tranquila} (18... Kg8 {apartándose del peligro de la
diagonal, que era probablemente más correcta, pero como diría Spassky, "en
este caso la objetiva evaluación de la posición importa menos que el caracter
del juego resultante".} 19. Bxd6 cxd6 20. Qxd6 Qh4 $1 {
Entregando el caballo entero.} 21. Qxe5 Re8 $3 $19 {Las posiciones que han
surgido tras la creativa apertura son realmente ricas en posibilidades, pero
tantísimo detalle acaba agotando y tambien hay que saber dosificar las fuerzas.
Espero aprender algún día...:)}) 19. Bxd6+ $2 {Si,} (19. c5 Rxh2 $3 20. Kxh2
Ng4+ 21. Kh1 (21. Kh3 Nxe3+) 21... Qh4+ 22. Kg2 Qh2+ 23. Kf3 Qxf2+ 24. Ke4
Qxe3#) ({Cortocircuitar la defensa de la dama sobre el punto "f3" era la
última opción valida, aunque dificilísima por no decir imposible de ver y en
absoluto humana...} 19. Nce4 $8 Nf3+ 20. Kf1 (20. Kg2 $2 Bh3+ 21. Kh1 Bg4 {
ganando}) 20... Nxh2+ 21. Kg1 {Y ahora por ejemplo:} Qh6 $1 {con intención de
seguir creando amenazas y complicaciones, aunque siempre sería posible jugar
el ligeramente mejor final que surge tras 21...De6} 22. Nxd6 $1 {
Esta es la única idea para seguir en la partida} cxd6 23. Bxd6+ Kg8 24. Bxb8 $1
Ng4 25. Qg2 Nxe3 $1 26. Bf4 $1 (26. fxe3 $2 Qxe3+ 27. Kf1 Rh6 $1) (26. Qh1 Qf6
$1 {con amenazas decisivas,entre ellas Ac6.}) 26... Qxf4 27. Qa8+ Bb8 28. Rxd7
Rh2 29. Qxb8+ Qxb8 30. Kxh2 Ng4+ 31. Kg2 Qb6 32. Rd2 Qc6+ 33. Kg1 Qf3 34. Re1
Nxf2 35. Re8+ Kh7 $11 {sigue siendo demasiado perfecta y fictícia.}) 19... cxd6
20. Qxd6+ Qxd6 21. Rxd6 Bg4 $1 {Hay que ir a las casillas desde donde el
potencial para la actividad se ve incrementado. Ni suerte, ni poder hipnótico..
. !deseo de victoria, autoconfianza y coraje para tomar riesgos!(Miguel Tal).}
{El ataque continua aún sin damas, debido a que la dama era también la
principal pieza defensiva blanca.} 22. Rxa6 {El blanco sigue en la lucha
haciendo caja capturando peones, sin creerse nada y en espera de su
oportunidad para crear el máximo de problemas posibles.Estaría perdido si,} (
22. Nf1 Nf3+ 23. Kg2 Re8 $19 24. Rc1 (24. Nd5 Ng5 $1) (24. Rxa6 Bb8 $1) 24...
Bb8) 22... Nf3+ $1 {Un sueño hecho realidad... Las piezas de color van a
moverse cual bloques de energía en comparación con la armada blanca.} 23. Kf1 {
Se produce un estético mate en caso de:} (23. Kg2 Rxh2+ 24. Kf1 Bxe3 $1 25.
fxe3 Bh3#) 23... Nxh2+ 24. Ke1 {Toca correr, ya que si} (24. Kg2 Bh3+ $1 25.
Kh1 (25. Kxh2 Bc8+ 26. Kg1 Bxa6) 25... Nf3 {
amenazando nuestro ya viejo conocido mate. Y ante la única} 26. Ra5 g5 $1)
24... Bc5 $6 $17 {Buscando  b4.} (24... Nf3+ $19 25. Ke2 Rd8 26. Nd5 Bb8) 25.
Nd5 (25. Kd2 $6 Nf3+ 26. Kc2 Rh2 27. Nce4 Bxe3 28. Nf1 Bf5 29. Nxe3 Bxe4+ 30.
Kc3 Rxf2 {Con pieza limpia más peones pasados.}) 25... Rd8 {Con la idea de
nuevamente buscar el mate (del que existen ahora 2 temas ), al amenazar
capturar el caballo seguido de Ab4++ o si por ejemplo 26.Tc6 Ab4+!27.Cxb4
Cf3+28. Rf1 Td2! con mate inminente.} 26. a3 (26. Kd2 Bf3 $1 $19) 26... Bd6 {
Gracias a la jugada anterior, el alfil ahora protegido, pretende tanto 27...
Axg3 28.fxg3 Cf3+ seguido de la decisiva  entrada de la torre, así como 27...
Ae5 insistiendo en el mate.} 27. Rxd6 {Diagrama # La mejor opción práctica
para el blanco, intentando crear el pánico con sus 3 peones pasados y ligados.
Véase la bella variante que sigue si,} (27. f4 Nf3+ 28. Ke2 Bxf4 $1 29. exf4
Nd4+ {Seguido de jaque doble a rey y torre imparable,} {incluso si} 30. Kf2 (
30. Kd3 Nxb3 {seguido de Cc5+}) 30... Rh2+ 31. Ke3 Nc2+ {
... dominación absoluta.}) 27... Rxd6 {Aunque ahora la posición esté
teoricamente ganada, toca todavía estar alerta. ?Cuántas veces habré dejado
escapar ventajas mayores...?;)} 28. Kd2 Nf3+ 29. Kc3 Ng5 $19 (29... Be6 $19)
30. a4 Bf3 {Centralización y reagrupamiento.} 31. Nf5 Rd8 32. a5 Bxd5 33. cxd5
g6 (33... Rxd5 $19) 34. Nd4 Rxd5 35. Kc4 (35. a6 Ke7 $19) 35... Rd8 36. Nc6 Rc8
37. Kb5 Ne6 38. a6 Rh5+ 39. Kb6 Rc5 40. Nd4 Rb8+ $1 41. Ka7 Rb4 $1 {
Arrinconando definitivamente al monarca blanco que se mete en la sartén.} 42.
Nxe6+ fxe6 43. Rh1 Kg7 {Impidiendo que la torre colabore.} 44. Rd1 Rc7+ 45. Ka8
Rb6 46. Ra1 Rxb3 47. Ra2 Kf7 {El Rey se dirige a la casilla c8, desde donde
apoyará a su torre para que esta de mate desde b8.} 48. e4 Ke7 49. e5 Kd7 50.
f4 Kc8 {
Nunca existe riesgo de ahogado, ya que el peón "f" blanco puede avanzar...} 51.
a7 Kd7 {Curiosamente el rey recibe mate en el extremo opuesto del tablero del
que huyó. Personalmente, me encanta que el ajedrez siga siendo más una
combinación entre errores y oportunidades, en lugar de un mero ejercicio de
cálculo! Comentarios de Gustavo Barrenechea con variantes sin comentarios de R
Montecatine} 0-1